000 01036nam a2200265Ia 4500
003 OSt
005 20220923211359.0
006 a|||||r|||| 00| 0
007 ta
008 220922b |||||||| |||| 00| 0 hin d
020 _a9788188808814 (hbk)
_c750
024 _a261,178
037 _b346, 26/03/2012, Vidyanidhi Prakashan
_cTextual
040 _aARTS
_cARTS
_bhin
041 _2hin
_ahin
082 _aO15,1D40,3:g, 152Q2
100 _aराजपुरोहित, भगवतीलाल
245 0 _aमेघदूत भाष्य और महाकवि कालिदास
246 _aMeghadūt bhāṣhya aur hinākavi kālidāsa
260 _aदिल्ली
_b शिवालिक प्रकाशन
_c2012
300 _a294पृ.
_ccm.
650 _aहिन्दी साहित्य
_9156264
942 _hO15,1D40,3:g, 152Q2
_cTEXL
_2CC
999 _c298943
_d298943